000 01016nam a2200253 i 4500
001 106807
003 ES-MaACL
005 20250622051426.0
007 t|
008 061228s1983 sp ||||1| spa d
080 _a75 Jiménez de Cossío, Natalia (083.82)
100 1 _aJiménez de Cossío de Stucley, Natalia.
_966501
245 1 0 _aNatalia Jiménez de Cossío
_b: Ateneo de Madrid, Sala de Santa Catalina, noviembre-diciembre 1983 /
_c[texto: A. M. Campoy].
260 _aMadrid :
_bAteneo de Madrid,
_c1983.
300 _a1 h. pleg (4 p.) :
_bil. ;
_c31 cm.
600 1 4 _aJiménez de Cossío de Stucley, Natalia-
_vExposiciones.
_966502
610 2 4 _aAteneo de Madrid-
_vExposiciones-
_y1980-1990
_91922
655 7 _2tgfbne
_9193628
_aCatálogos de exposiciones
700 1 _aCampoy, A. M.,
_d1924-1993
_934292
710 2 _aAteneo de Madrid.
_bSala de Santa Catalina.
_91964
852 _aES-MaACL
_j2209-F-57
_9110865
_bR.138507
_cDEPOF
942 _2udc
_cMONOGRAFIA
999 _c106807
_d106807